Cognitive psychology / (Record no. 168384)
[ view plain ]
| 000 -LEADER | |
|---|---|
| fixed length control field | 00711aam a2200241 a 4500 |
| 008 - FIXED-LENGTH DATA ELEMENTS--GENERAL INFORMATION | |
| fixed length control field | |
| 020 ## - INTERNATIONAL STANDARD BOOK NUMBER | |
| International Standard Book Number | 9780155083547 (hbk.) |
| 049 ## - LOCAL HOLDINGS (OCLC) | |
| Holding library | MAIN |
| 090 00 - LOCALLY ASSIGNED LC-TYPE CALL NUMBER (OCLC); LOCAL CALL NUMBER (RLIN) | |
| Classification number (OCLC) (R) ; Classification number, CALL (RLIN) (NR) | BF201.S74 |
| Local cutter number (OCLC) ; Book number/undivided call number, CALL (RLIN) | STE |
| 003 - CONTROL NUMBER IDENTIFIER | |
| control field | |
| 005 - DATE AND TIME OF LATEST TRANSACTION | |
| control field | 20230123141135.0 |
| 040 ## - CATALOGING SOURCE | |
| Transcribing agency | NUST |
| 100 1# - MAIN ENTRY--PERSONAL NAME | |
| Personal name | Sternberg, Robert J |
| 245 10 - TITLE STATEMENT | |
| Title | Cognitive psychology / |
| Statement of responsibility, etc. | Robert J. Sternberg |
| 250 ## - EDITION STATEMENT | |
| Edition statement | 2nd. |
| 264 #1 - PRODUCTION, PUBLICATION, DISTRIBUTION, MANUFACTURE, AND COPYRIGHT NOTICE | |
| Place of production, publication, distribution, manufacture | Fort Worth : |
| Name of producer, publisher, distributor, manufacturer | Harcourt Brace College Publishers, |
| Date of production, publication, distribution, manufacture, or copyright notice | [1999] |
| 300 ## - PHYSICAL DESCRIPTION | |
| Extent | xxiii, 584 p.: |
| Other physical details | ill. ; |
| Dimensions | 25 cm. |
| 500 ## - GENERAL NOTE | |
| General note | Includes index. |
| 504 ## - BIBLIOGRAPHY, ETC. NOTE | |
| Bibliography, etc. note | Includes bibliographical references. |
| 650 #0 - SUBJECT ADDED ENTRY--TOPICAL TERM | |
| Topical term or geographic name entry element | Cognitive psychology |
| 907 ## - LOCAL DATA ELEMENT G, LDG (RLIN) | |
| a | .b10396548 |
| b | 11-03-19 |
| c | 07-03-19 |
| 942 ## - ADDED ENTRY ELEMENTS (KOHA) | |
| Koha item type | Ordinary Loan Books |
| Call number prefix | BF201.S74 |
| Call number suffix | STE |
| Date last seen | Total Checkouts | Full call number | Barcode | Cost, replacement price | Price effective from | Koha item type | Lost status | Source of classification or shelving scheme | Damaged status | Not for loan | Collection | Withdrawn status | Home library | Current library | Shelving location | Date acquired | Cost, normal purchase price |
|---|---|---|---|---|---|---|---|---|---|---|---|---|---|---|---|---|---|
| 01/23/2023 | 1 | BF201.S74 STE | 92004046211 | 80.00 | 01/23/2023 | BOOKS | LCC | NFIC | MAIN | MAIN | GEN | 01/23/2023 | 80.00 |